Les joueurs les plus capés en sélection - Statistiques

Statistiques générales
  • Ce quiz a été pris 104 fois
  • Le résultat moyen est 11 sur 36
Statistiques - réponses
Pays Joueurs Nombre de sélections Période % Correct
Portugal Cristiano Ronaldo 164* 2003-...
92%
France Lilian Thuram 142 1994-2008
90%
Espagne Sergio Ramos 170* 2005-...
88%
Italie Gianluigi Buffon 176 1997-2018
85%
Pologne Robert Lewandowski 112* 2008-...
67%
Chili Alexis Sánchez 132* 2006-...
54%
Uruguay Diego Godín 127* 2005-...
44%
Brésil Cafu 142 1990-2006
42%
Pays-Bas Wesley Sneijder 134 2002-2018
42%
Slovaquie Marek Hamšík 118* 2007-...
41%
Belgique Jan Vertonghen 119* 2007-...
40%
Irlande Robbie Keane 146 1998-2016
38%
Allemagne Lothar Matthäus 150 1982-2000
35%
Argentine Javier Mascherano 147 2003-2018
33%
Danemark Peter Schmeichel 129 1987-2001
33%
R. Tchèque Petr Čech 124 2002-2016
27%
Croatie Darijo Srna 134 2002-2016
25%
Ghana Asamoah Gyan 107 2003-2019
24%
Albanie Lorik Cana 94 2003-2016
24%
Finlande Jari Litmanen 137 1989-2010
19%
Cameroun Rigobert Song 137 1993-2010
16%
Egypte Ahmed Hassan 184 1995-2012
15%
Angleterre Peter Shilton 125 1970-1990
14%
Colombie Carlos Valderrama 111 1985-1998
13%
Mali Seydou Keita 102 2000-2017
12%
Serbie Branislav Ivanović 104 2006-2018
9%
Turquie Rüştü Reçber 120 1994-2012
8%
Sénégal Henri Camara 99 1999-2009
6%
Grèce Yórgos Karagoúnis 139 1999-2014
6%
Norvège John Arne Riise 110 2000-2013
5%
Nigéria Vincent Enyeama 101 2002-2015
5%
Etats-Unis Cobi Jones 164 1992-2004
4%
Côte d'Ivoire Didier Zokora 123 2000-2014
4%
Australie Mark Schwarzer 109 1993-2013
4%
Suède Anders Svensson 148 1999-2013
3%
Ukraine Anatoliy Tymoshchuk 144 2000-2016
2%
Aucun quiz correspondant
Distribution des résultats
% des personnes avec chaque résultat
Percentile par nombre de réponses
Votre historique - résultats
Vous n’avez pas pris ce quiz